| 000 | 01509nam a2200193 i 4500 | ||
|---|---|---|---|
| 001 | 158230 | ||
| 003 | ES-MaACL | ||
| 005 | 20230906211052.0 | ||
| 008 | 040827s1798 fr |||| | fre d | ||
| 100 | 1 |
_aLuneau de Boisjermain, Pierre Joseph François. _9129145 |
|
| 245 | 1 | 0 |
_aCours de langue Angloise, a l'aide duquel on peut apprendre cette langue chez soi, sans maitre, en deux ou trois mois d'etude, par la lecture, Des Aventures de Telemaque, traduites du Francois en Anglois, expliquees, ... de l'Anglois en Francois ; De la Pronociation ecrite des mots Anglois, imprimee au bas de chaque page ; Du Paradis perdu de Milton, poeme anglois, explique en Francois, ... & traduit en Francois au bas de chaque page / _cpar P.J.F. Luneau de Boisjermain. |
| 260 |
_aA Paris : _bChez l'Auteur, rue ci-devant Conde, n. 7, _cAn VI [1798] |
||
| 300 |
_a5 t. en 2 v. (XX, 329 p. ; [2], VI, [2], 339 p. [2], VI, [2], 5-376 p. ; [2], XVIII, 446 p. ; [2], VIII, [2], 434 p. ; _c23 y 20 cm. |
||
| 594 | _aLos primeros 3 tomos contienen las Aventuras de Telemaco, en 1 v., formato 4º·; los 2 tomos siguientes con numeración de t. 1 y 2, con formato en 8º, contienen el Paraíso perdido, de Milton. | ||
| 594 | _aAutor precede a la mención de parte. | ||
| 597 | _aSign.: a-e2, A-4N2, 4O1 ;[]1, a3, b1, A-4Q2 ; []2, a2, b1, B-5B2 ; []1, a-b4, c1, A-34, 3K3 ; []1, a4, A-3G4, 3H-3I2. | ||
| 650 | 0 | 4 |
_aLengua inglesa- _vMétodos. _914282 |
| 852 |
_x _aBA _jR-1053-54 _z- Enc. hol. _x Olim: G-9094-5 |
||
| 999 |
_c158230 _d158230 |
||